| 000 | 00525nam a2200169Ia 4500 | ||
|---|---|---|---|
| 008 | 090201s9999 xx 000 0 und d | ||
| 010 | _aKPL-52814 | ||
| 040 | _bमराठी | ||
| 041 | _aमराठी | ||
| 082 |
_a14763 _b52814 |
||
| 100 | _aअर्जून डांगळे | ||
| 245 |
_aदलित विद्रोह _cअर्जून डांगळे |
||
| 260 |
_c2004 _bग्रंथघर |
||
| 300 |
_a130 _bमोठा |
||
| 600 | _aदलित विद्रोह | ||
| 942 | _cBOOK | ||
| 999 |
_c214913 _d214913 |
||